000 00290nam a2200121 a 4500
005 20140414132056.0
008 100520s19uu xx 00 eng d
050 _aREF 904
_bD38 1992
100 _aDavis, Lee
245 _aNatural disasters.
650 _aNatural disaster
999 _c114307
_d114307